Library Banner

بھٹو مقدمہ اور سزا (Record no. 79408)

MARC details
000 -LEADER
fixed length control field 00414nam a22001457a 4500
005 - DATE AND TIME OF LATEST TRANSACTION
control field 20151202094758.0
008 - FIXED-LENGTH DATA ELEMENTS--GENERAL INFORMATION
fixed length control field 151202b xxu||||| |||| 00| 0 eng d
040 ## - CATALOGING SOURCE
Transcribing agency PK-LaUMT
082 ## - DEWEY DECIMAL CLASSIFICATION NUMBER
Classification number MSC 923.1
Item number VIK-B
100 ## - MAIN ENTRY--PERSONAL NAME
Personal name وکٹوریہ شفیلڈ
245 ## - TITLE STATEMENT
Title بھٹو مقدمہ اور سزا
Statement of responsibility, etc وکٹوریہ شفیلڈ
260 ## - PUBLICATION, DISTRIBUTION, ETC. (IMPRINT)
Place of publication, distribution, etc لاہور
Name of publisher, distributor, etc کلاسیک لاہور
Date of publication, distribution, etc 1990
300 ## - PHYSICAL DESCRIPTION
Extent 381 ص
942 ## - ADDED ENTRY ELEMENTS (KOHA)
Koha item type Books
Holdings
Withdrawn status Lost status Damaged status Home library Current library Date acquired Full call number Barcode Date last seen Price effective from Koha item type
      UMT Main Campus UMT Main Campus 2015-12-02 MSC 923.1 VIK-B 95288 2019-11-20 2015-12-02 Books